La patria potestad otorgada a la madre según la ley del matrimonio civil y las decisiones de los tribunales / (Record no. 166758)

MARC details
000 -LEADER
campo de control de longitud fija 00772nam a22001815i 4500
001 - NÚMERO DE CONTROL
campo de control 166758
003 - IDENTIFICADOR DE NÚMERO DE CONTROL
campo de control ES-MaACL
005 - FECHA Y HORA DE LA ÚLTIMA TRANSACCIÓN
campo de control 20230906213409.0
008 - DATOS DE LONGITUD FIJA--INFORMACIÓN GENERAL
campo de control de longitud fija 980828s1871 sp |||| | spa d
080 ## - NÚMERO DE LA CLASIFICACIÓN DECIMAL UNIVERSAL
Número de la Clasificación Decimal Universal 347.634/.637(460)
100 1# - ENTRADA PRINCIPAL--NOMBRE DE PERSONA
Nombre de persona Ucelay, Enrique.
9 (RLIN) 133434
245 13 - MENCIÓN DEL TÍTULO
Título La patria potestad otorgada a la madre según la ley del matrimonio civil y las decisiones de los tribunales /
Mención de responsabilidad, etc. por Enrique Ucelay.
260 ## - PUBLICACIÓN, DISTRIBUCIÓN, ETC.
Lugar de publicación, distribución, etc. Madrid :
Nombre del editor, distribuidor, etc. [s.n.],
Fecha de publicación, distribución, etc. 1871 (
Fabricante Estab. Tip. de Julián Peña)
300 ## - DESCRIPCIÓN FÍSICA
Extensión 70 p. ;
Dimensiones 22 cm.
650 #4 - PUNTO DE ACCESO ADICIONAL DE MATERIA--TÉRMINO DE MATERIA
Término de materia o nombre geográfico como elemento de entrada Patria potestad.
9 (RLIN) 136668
852 4# - LOCALIZACIÓN
Ubicación ES-MaACL
Número de control de estantería T-122-F-1
Nota libre - Enc. hol., falto de la enc. original
-- - Enc. en un vol. facticio
852 4# - LOCALIZACIÓN
Ubicación ES-MaACL
Número de control de estantería T-158-F-2
Nota libre - Enc. hol., falto de la enc. original
-- - Enc. en un vol. facticio
Holdings
Estatus retirado Estado de pérdida Estado de daño No para préstamo Colección Biblioteca de origen Biblioteca actual Ubicación en estantería Fecha de adquisición Total de préstamos Signatura topográfica completa Código de barras Visto por última vez Precio de reemplazo Tipo de ítem Koha
        Colección de folletos Biblioteca del Ateneo de Madrid Biblioteca del Ateneo de Madrid Depósito folletos 17/01/2008   T-158-F-2 1174894 23/02/2023 23/02/2023 Folleto
        Colección de folletos Biblioteca del Ateneo de Madrid Biblioteca del Ateneo de Madrid Depósito folletos 17/01/2008   T-122-F-1 1174893 23/02/2023 23/02/2023 Folleto